000 00879nam a2200217Ia 4500
001 23811
003 GE_BSU
008 181216s||||||||xx |||||||||||||| ||und||
040 _cGE_BSU
245 _aკარიბჭე №12(359) 29 ნოემბერი-26 დეკემბერი. 2018
245 _bმართლმადიდებლური ჟურნალი.
245 _cმთავარი რედაქტორი: თამარ მამაცაშვილი.
260 _aთბილისი
260 _c2018წელი
300 _a49გვ;28სმ
653 _aკარიბჭე №12(359) 29 ნოემბერი-26 დეკემბერი. . 2018
653 _aპერიოდიკა
653 _aრელიგია
653 _aსაეკლესიო ჟურნალი
942 _cCR
999 _c56689
_d56689